书目信息 |
| 题名: |
怎样买保险
|
|
| 作者: | 武钦殿 , 祝冰 编著 | |
| 分册: | ||
| 出版信息: | 中国矿业大学出版社 徐州 1999.07 |
|
| 页数: | 152页 | |
| 开本: | 32开 | |
| 丛书名: | ||
| 单 册: | ||
| 中图分类: | F84 | |
| 科图分类: | ||
| 主题词: | 保险 | |
| 电子资源: | ||
| ISBN: | 7-81070-021-9 | |
| 000 | 00575nam0 2200205 45 | |
| 001 | 0009120993 | |
| 005 | 20000912100947.6 | |
| 010 | @a7-81070-021-9@d32.00元 | |
| 100 | @a20000912d1999 km y0chiy0120 ea | |
| 101 | 0 | @achi |
| 105 | @a z 000yy | |
| 200 | 1 | @a怎样买保险@AZen Yang Mai Bao Xian@f武钦殿,祝冰编著@FWu Qin Dian,Zhu Bing Bian Zhu |
| 210 | @a中国矿业大学出版社@c徐州@d1999.07 | |
| 215 | @a152页@d32开 | |
| 606 | 0 | @a保险 |
| 690 | @aF84@v3 | |
| 701 | 0 | @a武钦殿@4编著 |
| 701 | 0 | @a祝冰@4编著 |
| 801 | @aCN@bPftUser@c20000912 | |
| 905 | @dF84@eW172@b137088-092@f5 | |
| 怎样买保险/武钦殿,祝冰编著.-中国矿业大学出版社:徐州,1999.07 |
| 152页;32开 |
| ISBN 7-81070-021-9:32.00元 |
| ● |
| 相关链接 |
|
|
|
正题名:怎样买保险
索取号:F84/W172
 
预约/预借
| 序号 | 登录号 | 条形码 | 馆藏地/架位号 | 状态 | 备注 |
| 1 | 137088 | 201370881 | 社科库409/409社科库 55排1列3层/ [索取号:F84/W172] | 在馆 | |
| 2 | 137089 | 201370890 | 社科二线422/422社科库 9排2列1层/ [索取号:F84/W172] | 在馆 | |
| 3 | 137090 | 201370907 | 社科二线422/422社科库 9排2列1层/ [索取号:F84/W172] | 在馆 | |
| 4 | 137091 | 201370916 | 社科二线422/422社科库 33排2列2层/ [索取号:F84/W172] | 在馆 | |
| 5 | 137092 | 201370925 | 社科二线422/422社科库 9排2列1层/ [索取号:F84/W172] | 在馆 |